000 00661nam a2200277Ia 4500
005 20260324124425.0
008 008 260324s9999 xx 000 0 eng d
020 _a9780429184307
037 _aEBOOK
040 _aCRL
040 _beng
040 _cCRL
041 _2eng
041 _aeng
084 _qCRL
100 _aMichael A. Gray
_91174101
245 0 _aIntroduction to the Simulation of Dynamics Using Simulink
260 _bTaylor and Francis
260 _c2010
365 _a
365 _b420
856 _uhttp://www.taylorfrancis.com/books/9780429184307
942 _cEBOOK
999 _c1768464
_d1768464